Programa de Manteniment : memòria 2005 memòria 2005
Publicado:
Barcelona :
Diputació de Barcelona. Àrea de Cultura. Oficina de Patrimoni Cultural, [2006]
Descripción Física:
17 p. : gràf. ; 30 cm
MARC
| LEADER | 00000nam a2200000Ia 4500 | ||
|---|---|---|---|
| 001 | 20923 | ||
| 008 | 160829s9999 xx 000 0 cat d | ||
| 080 | |a FU-23-32 | ||
| 245 | |a Programa de Manteniment : |b memòria 2005 | ||
| 260 | |a Barcelona : |b Diputació de Barcelona. Àrea de Cultura. Oficina de Patrimoni Cultural, [2006] | ||
| 300 | |a 17 p. : |b gràf. ; |c 30 cm | ||
| 650 | |a Arxius municipals |x Manteniment i reparacions |9 44678 | ||
| 650 | |a Programa de Manteniment |x Memòries |9 44679 | ||
| 710 | 1 | |a Barcelona (Catalunya : Província). |b Oficina de Patrimoni Cultural |9 52675 | |
| 901 | |a Arxiu | ||
| 942 | |n 1 | ||
| 952 | |0 0 |1 0 |4 0 |6 FU2332 |7 1 |9 52094 |a Arxiu |b Arxiu |d 2016-12-01 |l 0 |o FU-23-32 |p 20923 |r 2016-12-01 00:00:00 |w 2016-12-01 |y ARXIU | ||
| 999 | |c 55942 |d 55942 | ||